| 000 | 00675nam a2200241 i 4500 | ||
|---|---|---|---|
| 001 | bg | ||
| 100 | 1 | _aCOOK, Mark | |
| 245 | 1 | 0 |
_aBusiness economics : _bstrategy and applications / _cMark Cook and Corri Farquharson. |
| 260 |
_aLondon [etc.] : _bPitman, _c1998. |
||
| 300 |
_aXXII, 602 s. : _bwykr. ; _c27 cm. |
||
| 504 | _aBibliogr. przy rozdz. - Indeks. | ||
| 650 | 9 | _aGospodarka | |
| 650 | 9 | _aEkonomia polityczna | |
| 655 | _aPodręczniki akademickie | ||
| 700 | 1 | _aFARQUHARSON, Corri | |
| 020 | _a0273617133 | ||
| 040 | _cBPK | ||
| 041 | 0 | _aen | |
| 080 | _a330(075.8) | ||
| 920 | _a0-273-61713-3 | ||
| 942 | _cKS | ||
| 008 | s pl f |000 0 pol | ||
| 999 |
_c34029 _d34029 |
||
| 856 |
_uhttp://koha.tu.koszalin.pl/cgi-bin/koha/opac-detail.pl?biblionumber=34029 _yKatalog online BPK |
||